| 000 | 00977cab a2200265 4500 | ||
|---|---|---|---|
| 001 | ABS58348 | ||
| 008 | 090401t1998 xxu||||| |||| 00| 0 eng d | ||
| 035 | _a(Sirsi) u84142 | ||
| 041 | _aeng | ||
| 100 | _aDavey, N. | ||
| 245 | _aInland Revenue makes cash withdrawal | ||
| 260 | _c1998 | ||
| 350 | _a0 | ||
| 490 |
_aProperty Week _v61(4) 30 January 1998, 29(1) |
||
| 520 | _aOutlines the key features of an Inland Revenue press release entitled "Withdrawal of `cash basis` practice for professions", which requires professions to prepare accounts which show a `true and fair` view of the profit for the year. Considers how the proposals may affect most partnerships. | ||
| 650 | _aCOMPANY ACCOUNTS | ||
| 650 | _aINLAND REVENUE | ||
| 650 | _aPARTNERSHIPS | ||
| 650 | _aPRACTICE MANAGEMENT | ||
| 650 | _aPROFESSIONAL FIRMS | ||
| 650 | _aWORK IN PROGRESS | ||
| 690 | _aMANAGEMENT-BUSINESS MANAGEMENT-PROFESSIONAL PRACTICE | ||
| 942 | _n0 | ||
| 948 | _c10/02/1998 | ||
| 999 |
_c52862 _d52862 |
||